[Event "Minsk op"]
[Site "Minsk"]
[Date "2022.08.04"]
[Round "2"]
[White "Cherepov, Alexej"]
[Black "Shakhadanau, Henadzi"]
[Result "1-0"]
[WhiteElo "2191"]
[BlackElo "1822"]
[PlyCount "119"]
[EventDate "2022.08.03"]
[EventType "swiss"]
[EventRounds "9"]
[EventCountry "BLR"]
[SourceTitle "CBM 209 Extra"]
[Source "ChessBase"]
[SourceDate "2022.09.30"]
[SourceVersion "1"]
[SourceVersionDate "2022.09.30"]
[SourceQuality "1"]

1. c4 Nf6 2. g3 c5 3. Bg2 d5 4. cxd5 Nxd5 5. Nc3 Nc7 6. Nf3 Nc6 7. a3 e5 8. b4 f6 9. bxc5 Bxc5 10. 0-0 0-0 11. Rb1 Rb8 12. Ne1 Be6 13. Nd3 Bd4 14. Qc2 Qe7 15. Na4 a6 16. e3 Ba7 17. Ndc5 Nd5 18. Nxe6 Qxe6 19. Nc5 Bxc5 20. Qxc5 Nde7 21. d4 Rfd8 22. dxe5 fxe5 23. Be4 Rd7 24. Qc2 h6 25. Bb2 Rbd8 26. Rbd1 Qh3 27. Bc3 Qg4 28. Rxd7 Rxd7 29. Rb1 Kh8 30. Kg2 Qe6 31. h3 Qc4 32. Rc1 Nd5 33. Bb2 Qxc2 34. Rxc2 Kg8 35. Rc5 Nxe3+ 36. fxe3 Rd2+ 37. Kf3 Rxb2 38. Bxc6 bxc6 39. Rxc6 Rb5 40. Rxa6 Kf7 41. h4 h5 42. Ke4 Rb3 43. a4 Ra3 44. Ra7+ Kf6 45. Ra6+ Kf7 46. a5 Kg8 47. Ra7 Kh7 48. a6 Kg6 49. Ra8 Kh7 50. a7 Kg6 51. Kd5 Rd3+ 52. Ke6 Ra3 53. e4 Ra5 54. Kd6 Kh7 55. Ke7 Ra6 56. Kf7 Rf6+ 57. Ke8 Ra6 58. Kd7 Kg6 59. Ke7 Ra3 60. Kd6 1-0

[Event "Minsk Kupreichik Memorial rapid"]
[Site "Minsk"]
[Date "2019.08.17"]
[Round "9"]
[White "Shakhadanau, Henadzi"]
[Black "Siniauski, Artsiom"]
[Result "0-1"]
[WhiteElo "1868"]
[BlackElo "2142"]
[PlyCount "78"]
[EventDate "2019.08.15"]
[EventType "swiss (rapid)"]
[EventRounds "10"]
[EventCountry "BLR"]
[SourceTitle "CBM 191 Extra"]
[Source "ChessBase"]
[SourceDate "2019.09.30"]
[SourceVersion "1"]
[SourceVersionDate "2019.09.30"]
[SourceQuality "1"]

1. e4 e6 2. Qe2 d5 3. exd5 Qxd5 4. Nc3 Qd8 5. g3 Bd7 6. Bg2 Bc6 7. Nf3 Nf6 8. 0-0 Be7 9. d4 0-0 10. Rd1 a6 11. Bg5 h6 12. Bxf6 Bxf6 13. Ne5 Bxg2 14. Kxg2 Nd7 15. Ne4 Be7 16. c4 c6 17. a3 Qc7 18. f4 Rfd8 19. c5 Nf6 20. Nxf6+ Bxf6 21. Rd2 Rd5 22. Rad1 Rad8 23. b4 a5 24. Qe3 b5 25. cxb6 Qxb6 26. bxa5 Qa6 27. Ng4 Qxa5 28. Nxf6+ gxf6 29. f5 Rxf5 30. Qxh6 Qxa3 31. Rd3 Qa2+ 32. Qd2 Qxd2+ 33. R1xd2 Rfd5 34. Rc3 c5 35. Rf2 cxd4 36. Rc7 f5 37. g4 d3 38. gxf5 d2 39. fxe6 d1Q 0-1